00201nam a2200097Ia 4500008004100000100001300041245001600054260000900070942000700079999001700086190216s9999||||xx |||||||||||||| ||und|| aCherukad 0aShanidhasha bNull cBK c24886d24886